000 00672nam a2200205 u 4500
005 20250408063819.0
008 151118s1997 r 000 0 eng d
020 _a9688105368
035 _aUPN01000206896
049 _aCG
050 4 _aJC362
_bO7.3
245 0 0 _aOrganismos hemisféricos y mecanismos de concertación en América Latina.
260 _aMéxico :
_bSecretaría de Relaciones Exteriores,
_cc1997.
300 _a231 p. :
_bcuadros y gráfs.
440 0 _aCuadernos de Política Internacional ;
_pNueva Epoca.
_v2
650 2 _aCooperación internacional
_912382
650 4 _aRelaciones internacionales
_914390
905 _aLibro
999 _c178997
_d178997